000 00380nam a22001577a 4500
003 SGT
020 _a9788185731636
082 _a615.190
_bP16S
100 _aSUBRAHMANYAM,C.V.S
245 _aPHARMACEUTICAL ENGINEERING - OPRATION- 1
250 _a2ND
260 _aDELHI
_bVALLABH PRAKASHAN
_c2016
300 _a376
650 _aPHARMACEUTICAL ENGINEERING
942 _2ddc
_cBK
_048
999 _c8766
_d8766